[Event "IECG CA.2006.0.00169 email"]
[Site "IECG email"]
[Date "2006.03.19"]
[Round "1"]
[White "Gil, Zdzislaw"]
[Black "Carroll, Patrick J"]
[Result "0-1"]
[WhiteElo "2133"]
[BlackElo "2196"]
[PlyCount "42"]
[EventDate "2006.03.19"]
[EventType "tourn (corr)"]
[EventRounds "6"]
[SourceTitle "Corr 2008"]
[Source "ChessBase"]
[SourceDate "2008.06.24"]
[SourceVersion "1"]
[SourceVersionDate "2008.06.24"]
[SourceQuality "1"]

1. e4 c5 2. Nf3 Nc6 3. d4 cxd4 4. Nxd4 Nf6 5. Nc3 e5 6. Ndb5 d6 7. Nd5 Nxd5 8. exd5 Nb8 9. Be3 a6 10. Nc3 Be7 11. Bd3 0-0 12. 0-0 f5 13. Qh5 e4 14. Bc4 f4 15. Bd4 b5 16. Bb3 f3 17. Rfe1 Rf4 18. Bb6 Qf8 19. Rxe4 Rf5 20. Qg4 h5 21. Qg3 h4 0-1

[Event "IECG CM.2006.0.00296 email"]
[Site "IECG email"]
[Date "2006.02.11"]
[Round "?"]
[White "Gil, Zdzislaw"]
[Black "Schiller, Wilfried"]
[Result "0-1"]
[WhiteElo "2147"]
[BlackElo "2216"]
[PlyCount "54"]
[EventDate "2006.02.11"]
[EventType "tourn (corr)"]
[EventRounds "6"]
[SourceTitle "Corr 2008"]
[Source "ChessBase"]
[SourceDate "2008.06.24"]
[SourceVersion "1"]
[SourceVersionDate "2008.06.24"]
[SourceQuality "1"]

1. e4 e5 2. Nc3 Nf6 3. f4 d5 4. fxe5 Nxe4 5. Qf3 f5 6. d3 Nxc3 7. bxc3 d4 8. Qg3 Nc6 9. Be2 Qd7 10. Nf3 dxc3 11. d4 Qd5 12. 0-0 Be6 13. Rb1 0-0-0 14. Bg5 Re8 15. Be3 Ba3 16. Rfd1 h6 17. Qf2 f4 18. Bxf4 Rhf8 19. Rb5 Qxa2 20. d5 Rxf4 21. dxc6 b6 22. Qe3 Qxc2 23. Qxf4 Qxe2 24. Qa4 a5 25. Nd4 Qa2 26. Nxe6 c2 27. Rbd5 Kb8 0-1

[Event "CFriend SH-2005-0-00041 email"]
[Site "Chessfriend.com"]
[Date "2005.09.30"]
[Round "1"]
[White "Gil, Zdzislaw"]
[Black "Ralls, Richard Nelson"]
[Result "1/2-1/2"]
[WhiteElo "2173"]
[BlackElo "2077"]
[PlyCount "104"]
[EventDate "2005.09.30"]
[EventType "tourn (corr)"]
[EventRounds "6"]
[SourceTitle "Corr 2008"]
[Source "ChessBase"]
[SourceDate "2008.06.24"]
[SourceVersion "1"]
[SourceVersionDate "2008.06.24"]
[SourceQuality "1"]

1. d4 Nf6 2. c4 e6 3. Nc3 Bb4 4. Qc2 0-0 5. a3 Bxc3+ 6. Qxc3 b6 7. Bg5 Bb7 8. f3 h6 9. Bh4 d5 10. e3 Re8 11. Bd3 Nbd7 12. Ne2 c5 13. 0-0 Rc8 14. b3 cxd4 15. exd4 dxc4 16. bxc4 Ba6 17. Bxf6 Qxf6 18. Qb4 Red8 19. Rac1 e5 20. d5 Nc5 21. Bb1 h5 22. Ng3 h4 23. Nf5 h3 24. g3 Re8 25. Rce1 Nb7 26. Ne3 Na5 27. Ba2 Rc5 28. Ng4 Qd6 29. Nf2 Qc7 30. Ne4 Bxc4 31. d6 Qd8 32. Nxc5 bxc5 33. Qd2 Bxa2 34. d7 Re7 35. Qxa2 c4 36. Qc2 g6 37. Qc3 Nb3 38. f4 Rxd7 39. fxe5 Qb6+ 40. Qe3 Nc5 41. Re2 Rd3 42. Qf2 Ne6 43. Rb2 Qc7 44. Qf6 c3 45. Rb8+ Nd8 46. e6 Rxg3+ 47. Kf2 Qxb8 48. e7 Nc6 49. hxg3 Qb2+ 50. Kf3 Nxe7 51. Kg4 Qe2+ 52. Kxh3 Nf5 1/2-1/2

[Event "IECG CA.2005.0.00159"]
[Site "IECG email"]
[Date "2005.09.21"]
[Round "?"]
[White "Gil, Zdzislaw"]
[Black "Fernandez, German"]
[Result "1-0"]
[WhiteElo "2019"]
[BlackElo "2111"]
[PlyCount "73"]
[EventDate "2005.09.21"]
[EventType "tourn (corr)"]
[EventRounds "6"]
[SourceTitle "Corr 2008"]
[Source "ChessBase"]
[SourceDate "2008.06.24"]
[SourceVersion "1"]
[SourceVersionDate "2008.06.24"]
[SourceQuality "1"]

1. e4 e5 2. Nf3 Nf6 3. d4 Nxe4 4. Bd3 d5 5. Nxe5 Nd7 6. Nxd7 Bxd7 7. 0-0 Be7 8. c4 Nf6 9. Qb3 Bc6 10. Nc3 0-0 11. c5 b6 12. cxb6 axb6 13. Qc2 Bb7 14. Bg5 h6 15. Bh4 c5 16. Rae1 cxd4 17. Nb5 Rxa2 18. Bxf6 Bxf6 19. Na3 Qd6 20. Qb3 Rxa3 21. bxa3 Be5 22. g3 Bc8 23. Rc1 Be6 24. a4 Bd7 25. Rfe1 Ra8 26. Bb5 Bxb5 27. Qxb5 Bf6 28. Re8+ Rxe8 29. Qxe8+ Kh7 30. Qxf7 Qe5 31. Qc7 Qe2 32. Qc2+ d3 33. Qxe2 dxe2 34. Re1 Kg6 35. Kg2 Kf5 36. Kf3 Bc3 37. Rxe2 1-0

[Event "IECG CA.2005.0.00154"]
[Site "IECG email"]
[Date "2005.07.19"]
[Round "?"]
[White "Gil, Zdzislaw"]
[Black "Isaacson, David"]
[Result "1/2-1/2"]
[WhiteElo "2083"]
[BlackElo "2155"]
[PlyCount "115"]
[EventDate "2005.07.19"]
[EventType "tourn (corr)"]
[EventRounds "6"]
[SourceTitle "Corr 2008"]
[Source "ChessBase"]
[SourceDate "2008.06.24"]
[SourceVersion "1"]
[SourceVersionDate "2008.06.24"]
[SourceQuality "1"]

1. e4 c5 2. Nf3 d6 3. d4 cxd4 4. Nxd4 Nf6 5. Nc3 a6 6. Be3 e6 7. g4 h6 8. Qf3 Nbd7 9. Rg1 g5 10. 0-0-0 Ne5 11. Qe2 b5 12. f4 gxf4 13. Bxf4 Bd7 14. a3 Rc8 15. g5 hxg5 16. Bxg5 Be7 17. Qe1 Qb6 18. h4 b4 19. axb4 Qxb4 20. Bxf6 Bxf6 21. Nd5 Qxe1 22. Nxf6+ Ke7 23. Rxe1 Kxf6 24. Rh1 a5 25. h5 Rh6 26. Be2 Ke7 27. Reg1 Nc6 28. Nxc6+ Bxc6 29. Rh4 a4 30. Rg3 Rb8 31. Rc3 Rb6 32. Rc4 f5 33. exf5 exf5 34. Rc3 Kf6 35. Rhc4 Be8 36. Rh3 Kg5 37. Rg3+ Kf6 38. Rd4 Rh7 39. Rh4 Rh6 40. Rg8 Bd7 41. Ra8 Rb7 42. Rc4 Rb6 43. Bf3 Ke6 44. Rc7 Bb5 45. c4 Ba6 46. Be2 Ke5 47. Rca7 Bxc4 48. Bxc4 Rc6 49. Rxa4 d5 50. R8a5 Ke4 51. Rxd5 Rxc4+ 52. Rxc4+ Kxd5 53. Rh4 Ke5 54. Kd2 f4 55. Rh2 Kf5 56. b4 Kg4 57. Rg2+ Kf5 58. Rg1 1/2-1/2

[Event "IECG CA.2005.0.00154"]
[Site "IECG email"]
[Date "2005.07.19"]
[Round "?"]
[White "Gil, Zdzislaw"]
[Black "Pecotic, Kuzma"]
[Result "1-0"]
[WhiteElo "2083"]
[BlackElo "2041"]
[PlyCount "115"]
[EventDate "2005.07.19"]
[EventType "tourn (corr)"]
[EventRounds "6"]
[SourceTitle "Corr 2008"]
[Source "ChessBase"]
[SourceDate "2008.06.24"]
[SourceVersion "1"]
[SourceVersionDate "2008.06.24"]
[SourceQuality "1"]

1. d4 Nf6 2. c4 e6 3. Nf3 d5 4. Nc3 c6 5. e3 Nbd7 6. Bd3 dxc4 7. Bxc4 b5 8. Bd3 Bb7 9. 0-0 a6 10. e4 c5 11. d5 c4 12. Bc2 Qc7 13. dxe6 fxe6 14. Nd4 Nc5 15. Be3 e5 16. Nf5 Rd8 17. Qf3 b4 18. Na4 Nfxe4 19. Qe2 g6 20. Ng3 Qc6 21. Nxe4 Nxe4 22. f3 Nc5 23. Bf2 Nd7 24. Nb6 Bc5 25. Nxd7 Bxf2+ 26. Rxf2 Qxd7 27. Qxc4 Qe7 28. Re1 Bd5 29. Qxa6 0-0 30. Qa5 Bf7 31. Rxe5 Qf6 32. f4 Qd6 33. a3 b3 34. Bb1 Rfe8 35. Rxe8+ Rxe8 36. Qc3 Qd1+ 37. Rf1 Qe2 38. Bd3 Qe3+ 39. Kh1 Rd8 40. Rf3 Qd4 41. Qc1 Bd5 42. Re3 Rf8 43. f5 Rf6 44. Re8+ Kf7 45. Qe3 Qxe3 46. Rxe3 gxf5 47. Re5 Be4 48. Bc4+ Kf8 49. Re6 Rxe6 50. Bxe6 Bc2 51. g3 Ke7 52. Bg8 Kf8 53. Bc4 Ke7 54. Kg2 Kd6 55. Kf3 Kc5 56. Be6 Kd6 57. Bg8 h6 58. Kf4 1-0

[Event "CFriend SH-2005-0-00036 email"]
[Site "Chessfriend.com"]
[Date "2005.06.30"]
[Round "1"]
[White "Bocanegra Moreno, Rufino"]
[Black "Gil, Zdzislaw"]
[Result "1-0"]
[WhiteElo "2285"]
[BlackElo "2173"]
[PlyCount "81"]
[EventDate "2005.??.??"]
[EventType "tourn (corr)"]
[EventRounds "8"]
[SourceTitle "Corr 2008"]
[Source "ChessBase"]
[SourceDate "2008.06.24"]
[SourceVersion "1"]
[SourceVersionDate "2008.06.24"]
[SourceQuality "1"]

1. e4 c5 2. Nf3 d6 3. d4 cxd4 4. Nxd4 Nf6 5. Nc3 e6 6. Be3 a6 7. f3 Be7 8. Qd2 Nc6 9. 0-0-0 0-0 10. g4 Nxd4 11. Qxd4 b5 12. g5 Nd7 13. h4 Ne5 14. f4 Nc6 15. Qd2 b4 16. Na4 Rb8 17. h5 Qa5 18. b3 f5 19. gxf6 Rxf6 20. h6 g6 21. Kb1 Qc7 22. Bc4 Na5 23. Be2 Rf7 24. f5 exf5 25. Rhf1 Be6 26. exf5 Bxf5 27. Bd3 Bxd3 28. Qxd3 Rb5 29. Rxf7 Kxf7 30. Rf1+ Ke8 31. Qe4 Re5 32. Qf3 Rf5 33. Qa8+ Qd8 34. Qxa6 Rxf1+ 35. Qxf1 Qd7 36. Qa6 Bd8 37. Bd2 Nc6 38. Qb5 Bf6 39. Nb6 Qb7 40. Bxb4 Bd8 41. Ba5 1-0

[Event "CFriend SH-2005-0-00036 email"]
[Site "Chessfriend.com"]
[Date "2005.06.30"]
[Round "1"]
[White "Gil, Zdzislaw"]
[Black "Malmstroem, Jan"]
[Result "1-0"]
[WhiteElo "2173"]
[BlackElo "1915"]
[PlyCount "59"]
[EventDate "2005.??.??"]
[EventType "tourn (corr)"]
[EventRounds "8"]
[SourceTitle "Corr 2008"]
[Source "ChessBase"]
[SourceDate "2008.06.24"]
[SourceVersion "1"]
[SourceVersionDate "2008.06.24"]
[SourceQuality "1"]

1. d4 Nf6 2. c4 g6 3. Nc3 Bg7 4. e4 d6 5. Be2 0-0 6. Bg5 Nbd7 7. Qd2 e5 8. d5 a5 9. h4 Nc5 10. f3 a4 11. h5 Qe8 12. g4 Bd7 13. Nh3 Qe7 14. Nf2 Rfb8 15. Be3 b6 16. 0-0-0 Qf8 17. Rh2 a3 18. b3 Rc8 19. Kb1 Qe7 20. Nh1 c6 21. hxg6 hxg6 22. Ng3 Qf8 23. Rdh1 cxd5 24. g5 Nfxe4 25. fxe4 d4 26. Nd5 Qd8 27. Nf6+ Bxf6 28. gxf6 Qxf6 29. Bg5 Qg7 30. Rh8+ 1-0

[Event "CFriend RH-2005-0-00024 email"]
[Site "Chessfriend.com"]
[Date "2005.03.17"]
[Round "1"]
[White "Gil, Zdzislaw"]
[Black "Malmstroem, Jan"]
[Result "1-0"]
[WhiteElo "2173"]
[BlackElo "1849"]
[PlyCount "131"]
[EventDate "2005.03.17"]
[EventType "tourn (corr)"]
[EventRounds "6"]
[SourceTitle "Corr 2024"]
[Source "ChessBase"]
[SourceDate "2023.10.19"]
[SourceVersion "1"]
[SourceVersionDate "2023.10.19"]
[SourceQuality "1"]

1. e4 e5 2. Nf3 Nc6 3. Bb5 a6 4. Ba4 Nf6 5. 0-0 Be7 6. Re1 b5 7. Bb3 0-0 8. c3 d6 9. h3 Na5 10. Bc2 c5 11. d4 Qc7 12. Nbd2 Re8 13. Nf1 Bf8 14. Bg5 Nd7 15. Ne3 Nb6 16. b3 h6 17. Bh4 g6 18. dxc5 dxc5 19. Qd2 Bg7 20. Rad1 Bd7 21. Nd5 Nxd5 22. exd5 Qd6 23. c4 Nb7 24. Bg3 Re7 25. Re3 Rae8 26. Rde1 g5 27. Qc3 f6 28. Bg6 Rf8 29. Bc2 Rfe8 30. Bh2 Nd8 31. a3 Nf7 32. Bg6 Rb8 33. Qc2 bxc4 34. bxc4 Qc7 35. Nd2 Nd6 36. Ne4 Rf8 37. Nxd6 Qxd6 38. g4 Rb8 39. Rb1 Bc8 40. Rxb8 Qxb8 41. Qa4 Qd6 42. Rb3 Bf8 43. Rb2 Kg7 44. Qc2 Rb7 45. Rxb7+ Bxb7 46. Be8 Bc8 47. Qg6+ Kh8 48. Bc6 Qe7 49. f3 Bg7 50. Bg3 Kg8 51. Bf2 Qf8 52. Be3 Qe7 53. h4 e4 54. hxg5 hxg5 55. d6 Qxd6 56. Bd5+ Be6 57. Qe8+ Kh7 58. Qxe6 Qg3+ 59. Kf1 Qh3+ 60. Ke1 Qh1+ 61. Kd2 Qg2+ 62. Kc3 Qxf3 63. Qf5+ Qxf5 64. gxf5 Bf8 65. Bb7 a5 66. Bxe4 1-0

[Event "IECG CA.2005.0.00147"]
[Site "IECG email"]
[Date "2005.03.16"]
[Round "?"]
[White "Dard, Michel"]
[Black "Gil, Zdzislaw"]
[Result "1/2-1/2"]
[WhiteElo "2169"]
[BlackElo "2052"]
[PlyCount "67"]
[EventDate "2005.03.16"]
[EventType "tourn (corr)"]
[EventRounds "6"]
[SourceTitle "Corr 2008"]
[Source "ChessBase"]
[SourceDate "2008.06.24"]
[SourceVersion "1"]
[SourceVersionDate "2008.06.24"]
[SourceQuality "1"]

1. d4 d5 2. c4 c6 3. Nf3 Nf6 4. Nc3 e6 5. Bg5 h6 6. Bh4 dxc4 7. e4 g5 8. Bg3 b5 9. Be2 Bb7 10. h4 Rg8 11. hxg5 hxg5 12. Ne5 Nbd7 13. Qc2 Nxe5 14. Bxe5 Nd7 15. Bg3 Qb6 16. 0-0-0 Bg7 17. d5 0-0-0 18. dxe6 fxe6 19. Rd6 Nc5 20. e5 Qa5 21. Rhd1 b4 22. Ne4 b3 23. Rxd8+ Rxd8 24. Rxd8+ Kxd8 25. Qd1+ Kc8 26. Nd6+ Kb8 27. a3 c3 28. Nc4 Qc7 29. bxc3 Bf8 30. f3 Ba6 31. Bf2 Bxc4 32. Bxc4 Qa5 33. Bxc5 Qxc5 34. Qd8+ 1/2-1/2

[Event "IECG CA.2005.0.00147"]
[Site "IECG email"]
[Date "2005.03.16"]
[Round "?"]
[White "Gil, Zdzislaw"]
[Black "Andersen, Lars Kirstein"]
[Result "1-0"]
[WhiteElo "2052"]
[BlackElo "2102"]
[PlyCount "79"]
[EventDate "2005.03.16"]
[EventType "tourn (corr)"]
[EventRounds "6"]
[SourceTitle "Corr 2008"]
[Source "ChessBase"]
[SourceDate "2008.06.24"]
[SourceVersion "1"]
[SourceVersionDate "2008.06.24"]
[SourceQuality "1"]

1. d4 Nf6 2. c4 e6 3. Nc3 Bb4 4. Qc2 0-0 5. a3 Bxc3+ 6. Qxc3 b6 7. Bg5 Bb7 8. e3 d6 9. f3 Nbd7 10. Bd3 c5 11. Ne2 Rc8 12. Qd2 h6 13. Bh4 cxd4 14. exd4 Ba6 15. Rc1 d5 16. cxd5 Bxd3 17. dxe6 Bxe2 18. Rxc8 Qxc8 19. exd7 Qxd7 20. Kxe2 g5 21. Bg3 Re8+ 22. Be5 Nh5 23. Kd1 f6 24. Bg3 Rd8 25. Ke2 Qxd4 26. Qxd4 Rxd4 27. Rc1 Nxg3+ 28. hxg3 Rd7 29. g4 Kf7 30. Rc8 a5 31. Rc6 b5 32. Rc5 Rb7 33. b4 axb4 34. axb4 Kg6 35. Kd3 h5 36. gxh5+ Kxh5 37. g3 Kg6 38. g4 Kf7 39. Ke4 Kg6 40. Kd4 1-0

[Event "IECG CA.2005.0.00147"]
[Site "IECG email"]
[Date "2005.03.16"]
[Round "?"]
[White "Rios, Antonio"]
[Black "Gil, Zdzislaw"]
[Result "0-1"]
[WhiteElo "2107"]
[BlackElo "2052"]
[PlyCount "94"]
[EventDate "2005.03.16"]
[EventType "tourn (corr)"]
[EventRounds "6"]
[SourceTitle "Corr 2008"]
[Source "ChessBase"]
[SourceDate "2008.06.24"]
[SourceVersion "1"]
[SourceVersionDate "2008.06.24"]
[SourceQuality "1"]

1. e4 c5 2. Nf3 d6 3. d4 cxd4 4. Nxd4 Nf6 5. Nc3 a6 6. Bc4 e6 7. Bb3 b5 8. 0-0 Be7 9. Re1 0-0 10. a3 Bb7 11. Bxe6 fxe6 12. Nxe6 Qc8 13. Nxf8 Qxf8 14. Bf4 Nbd7 15. Qd4 Nh5 16. Bd2 Bf6 17. Qe3 Qf7 18. a4 b4 19. Nd5 Bxd5 20. exd5 a5 21. c3 bxc3 22. bxc3 Be5 23. Qe2 Nf4 24. Bxf4 Qxf4 25. g3 Qf5 26. Ra3 Nc5 27. f4 Bf6 28. Qf3 Rb8 29. g4 Qg6 30. g5 Rf8 31. Qg4 Bd8 32. c4 h5 33. Qg3 Qc2 34. Rc3 Qf5 35. Rce3 h4 36. Qxh4 Nd3 37. Rxd3 Qxd3 38. Qg4 Bb6+ 39. Kh1 g6 40. Kg2 Qd2+ 41. Re2 Qxf4 42. Qxf4 Rxf4 43. Re6 Bc5 44. Rxg6+ Kf7 45. Kg3 Rxc4 46. Rf6+ Kg7 47. h4 Bd4 0-1

[Event "CFriend SH-2005-0-00030 email"]
[Site "Chessfriend.com"]
[Date "2005.03.11"]
[Round "1"]
[White "Andersen, Lars Kirstein"]
[Black "Gil, Zdzislaw"]
[Result "0-1"]
[WhiteElo "2121"]
[BlackElo "2019"]
[PlyCount "92"]
[EventDate "2005.03.11"]
[EventType "tourn (corr)"]
[EventRounds "6"]
[SourceTitle "Corr 2008"]
[Source "ChessBase"]
[SourceDate "2008.06.24"]
[SourceVersion "1"]
[SourceVersionDate "2008.06.24"]
[SourceQuality "1"]

1. d4 Nf6 2. c4 e6 3. Nc3 Bb4 4. Qc2 0-0 5. a3 Bxc3+ 6. Qxc3 b6 7. Bg5 Bb7 8. e3 d6 9. Ne2 Nbd7 10. Qd3 h6 11. Bh4 c5 12. Nc3 Qc8 13. Bg3 cxd4 14. Qxd4 d5 15. cxd5 Nxd5 16. Nxd5 Bxd5 17. e4 Bb3 18. Bd6 Rd8 19. e5 Bd5 20. Be2 Qc2 21. Bd3 Qc6 22. f3 Nc5 23. Qe3 Nxd3+ 24. Qxd3 Rac8 25. Kf2 Qc2+ 26. Qxc2 Rxc2+ 27. Kg3 Rxb2 28. Rhc1 Rd7 29. Rc3 b5 30. Rac1 a5 31. R1c2 Rxc2 32. Rxc2 f6 33. f4 Rb7 34. Rb2 b4 35. axb4 a4 36. Rc2 a3 37. Rc1 a2 38. h4 Ra7 39. Ra1 Ra3+ 40. Kf2 Rc3 41. b5 Rc2+ 42. Ke3 Rb2 43. Bc5 fxe5 44. fxe5 Rxb5 45. Bd4 Kf7 46. h5 g6 0-1

[Event "CFriend SH-2005-0-00030 email"]
[Site "Chessfriend.com"]
[Date "2005.03.11"]
[Round "1"]
[White "Marez, Sebastien"]
[Black "Gil, Zdzislaw"]
[Result "1-0"]
[WhiteElo "2270"]
[BlackElo "2019"]
[PlyCount "93"]
[EventDate "2005.03.11"]
[EventType "tourn (corr)"]
[EventRounds "6"]
[SourceTitle "Corr 2008"]
[Source "ChessBase"]
[SourceDate "2008.06.24"]
[SourceVersion "1"]
[SourceVersionDate "2008.06.24"]
[SourceQuality "1"]

1. e4 c5 2. Nf3 d6 3. d4 cxd4 4. Nxd4 Nf6 5. Nc3 Nc6 6. Bg5 e6 7. Qd2 Be7 8. 0-0-0 0-0 9. f4 h6 10. Bh4 Bd7 11. Nf3 Qa5 12. Kb1 Rfc8 13. g4 d5 14. e5 Nh7 15. Bxe7 Nxe7 16. h4 Rc7 17. h5 Rac8 18. g5 Qb4 19. Ka1 hxg5 20. fxg5 Qg4 21. Be2 d4 22. g6 dxc3 23. gxh7+ Kh8 24. bxc3 Bc6 25. Ng5 Qa4 26. Nxf7+ Kxh7 27. Rh3 Bd5 28. c4 Rxc4 29. Bxc4 Rxc4 30. c3 Rg4 31. Rh2 Nf5 32. h6 g6 33. c4 Qxc4 34. Rc1 Qe4 35. Ng5+ Rxg5 36. Qxg5 Qxe5+ 37. Rb2 Bc6 38. Rg1 Be8 39. Qg2 Nd6 40. Qe2 Ne4 41. Qh2 Qxh2 42. Rxh2 e5 43. Re1 Bc6 44. Rh4 Nf6 45. Rxe5 Nh5 46. Rg4 Nf6 47. Rd4 1-0

[Event "CFriend SH-2005-0-00030 email"]
[Site "Chessfriend.com"]
[Date "2005.03.11"]
[Round "1"]
[White "Pires, Martin"]
[Black "Gil, Zdzislaw"]
[Result "0-1"]
[WhiteElo "2251"]
[BlackElo "2019"]
[PlyCount "60"]
[EventDate "2005.03.11"]
[EventType "tourn (corr)"]
[EventRounds "6"]
[SourceTitle "Corr 2008"]
[Source "ChessBase"]
[SourceDate "2008.06.24"]
[SourceVersion "1"]
[SourceVersionDate "2008.06.24"]
[SourceQuality "1"]

1. e4 c5 2. Nf3 d6 3. d4 cxd4 4. Nxd4 Nf6 5. Nc3 a6 6. Be3 e5 7. Nf3 Be7 8. Bc4 0-0 9. 0-0 Be6 10. Qd3 Nc6 11. Bxe6 fxe6 12. Ng5 Qd7 13. Na4 Bd8 14. Rad1 h6 15. Nf3 Bc7 16. Nb6 Bxb6 17. Bxb6 d5 18. c4 d4 19. c5 Qe7 20. Ne1 Rac8 21. Qe2 Nd7 22. Nd3 Nxb6 23. cxb6 Qd8 24. Qg4 Rf6 25. Rc1 Qxb6 26. a3 Rcf8 27. Rc2 Qc7 28. b4 Qf7 29. Qe2 Qe7 30. Qd2 Rg6 0-1

[Event "CFriend WC-2009-P-00008"]
[Site "Chessfriend.com"]
[Date "2005.02.28"]
[Round "1"]
[White "Gil, Zdzislaw"]
[Black "Rolle, Hannes"]
[Result "0-1"]
[WhiteElo "2173"]
[BlackElo "2235"]
[PlyCount "124"]
[EventDate "2005.??.??"]
[EventType "tourn (corr)"]
[EventRounds "6"]
[SourceTitle "Corr 2024"]
[Source "ChessBase"]
[SourceDate "2023.10.19"]
[SourceVersion "1"]
[SourceVersionDate "2023.10.19"]
[SourceQuality "1"]

1. e4 c5 2. Nf3 Nc6 3. Bb5 d6 4. 0-0 Bd7 5. Re1 Nf6 6. c3 a6 7. Bf1 Bg4 8. d3 e6 9. Nbd2 Be7 10. h3 Bh5 11. g4 Bg6 12. Nh4 Nd7 13. Nxg6 hxg6 14. f4 e5 15. Nf3 exf4 16. Bxf4 Nde5 17. Be3 Nxf3+ 18. Qxf3 Bh4 19. Red1 Bg5 20. d4 Rc8 21. Bf2 cxd4 22. cxd4 0-0 23. Bg2 Bh4 24. a3 Bxf2+ 25. Qxf2 Ne7 26. Qe3 Rc2 27. b4 Qb6 28. Rac1 Rfc8 29. Rxc2 Rxc2 30. Qb3 Qc7 31. Rf1 Qc4 32. Qxc4 Rxc4 33. d5 Nc8 34. g5 b5 35. Re1 Rc2 36. e5 dxe5 37. Rxe5 Kf8 38. Re3 Nd6 39. Bf1 Nf5 40. Rf3 Rd2 41. Bd3 Nh4 42. Rg3 Ke7 43. Be4 Kd6 44. Rc3 Ke5 45. Bh1 Nf5 46. Bg2 Kf4 47. Rc7 Kg3 48. Rc3+ Kh4 49. a4 Kxg5 50. axb5 axb5 51. Rc7 Ne3 52. Bf1 Nxf1 53. Kxf1 Rxd5 54. Kg2 f5 55. Rb7 Kf4 56. h4 g5 57. hxg5 g6 58. Rb6 Kxg5 59. Kf3 Kh5 60. Rb8 g5 61. Rh8+ Kg6 62. Rg8+ Kf6 0-1